000 00779nam a2200277 a 4500
003 AR-BaBNM
005 20251128203447.0
008 082120s2002 ||||||||||||||000 | spa||
040 _cAR-BaBNM
100 1 _aCumberland, Charles Curtis
245 0 0 _aLa Revolución Mexicana
260 _aBuenos Aires
_bSiglo veinte
_c1968
300 _a375 p.
_bil., láms., mapas
490 0 _aLas grandes revoluciones de la historia
_vv. 8
504 _aBibliografía consultada p. 359-374
650 4 _aREVOLUCION
650 4 _aHISTORIA DE LAS IDEAS
650 4 _aCIENCIAS POLITICAS
650 4 _aHISTORIA ECONOMICA
650 4 _aHISTORIA SOCIAL
650 4 _aHISTORIA POLITICA
651 4 _aMéxico
700 1 _aLeal, Aníbal
_etraductor
942 _cBK
998 _cmariana
999 _c3484
_d3484